00327 a2200133 4500020001800000050001900018100002400037245004600061250000900107264002900116300001200145500001900157650001700176 a9781485100614 aKF9601JOU 2014 aJoubert JJe author aCriminal Procedure Handbook :cJJ Joubert a11th aClaremont :bJUTA,c2014 a493p. : aIncludes index aCriminal law